The world of construction. (Record no. 34867)

MARC details
000 -LEADER
fixed length control field 00859nam a2200253 4500
001 - CONTROL NUMBER
control field 1708329
003 - CONTROL NUMBER IDENTIFIER
control field OSt
005 - DATE AND TIME OF LATEST TRANSACTION
control field 20220415135814.0
008 - FIXED-LENGTH DATA ELEMENTS--GENERAL INFORMATION
fixed length control field 700924s1970 iluaek 001 0 eng
010 ## - LIBRARY OF CONGRESS CONTROL NUMBER
LC control number 70016639
020 ## - INTERNATIONAL STANDARD BOOK NUMBER
International Standard Book Number 0873454626
040 ## - CATALOGING SOURCE
Original cataloging agency DLC
Transcribing agency hu
Modifying agency DLC
050 00 - LIBRARY OF CONGRESS CALL NUMBER
Classification number TH146
Item number .I5 1970
082 00 - DEWEY DECIMAL CLASSIFICATION NUMBER
Classification number 624
110 2# - MAIN ENTRY--CORPORATE NAME
Corporate name or jurisdiction name as entry element Industrial Arts Curriculum Project.
9 (RLIN) 36028
245 14 - TITLE STATEMENT
Title The world of construction.
Statement of responsibility, etc. Donald G. Lux [and] Willis E. Ray, co-directors. A. Dean Hauenstein, assistant director, curriculum development.
260 ## - PUBLICATION, DISTRIBUTION, ETC.
Place of publication, distribution, etc. Bloomington, Ill.,
Name of publisher, distributor, etc. McKnight & McKnight Pub. Co.
Date of publication, distribution, etc. [1970]
300 ## - PHYSICAL DESCRIPTION
Extent xiv, 560 p.
Other physical details illus. (part col.), forms, plans (part col.)
Dimensions 27 cm.
350 ## - PRICE (NR) (BK AM CF MU VM SE) [OBSOLETE]
Price 6.67
650 #0 - SUBJECT ADDED ENTRY--TOPICAL TERM
Topical term or geographic name entry element Building.
9 (RLIN) 7634
700 1# - ADDED ENTRY--PERSONAL NAME
Personal name Lux, Donald G.
9 (RLIN) 29859
906 ## - LOCAL DATA ELEMENT F, LDF (RLIN)
a 7
b cbc
c orignew
d 2
e ncip
f 19
g y-gencatlg
942 ## - ADDED ENTRY ELEMENTS (KOHA)
Source of classification or shelving scheme Dewey Decimal Classification
Koha item type Books like text book referance book
Suppress in OPAC No
Holdings
Withdrawn status Lost status Source of classification or shelving scheme Damaged status Not for loan Collection code Home library Current library Shelving location Date acquired Total Checkouts Full call number Barcode Date last seen Copy number Price effective from Koha item type
    Dewey Decimal Classification     Reference Wondo Genet Library Wondo Genet Library General Stacks 04/15/2022   624 LUX 1970 WGCFNRL00019155 04/15/2022 1 04/15/2022 Books like text book referance book